| 000 | 01465nam a2200325 c 4500 | ||
|---|---|---|---|
| 003 | BLK | ||
| 005 | 20220120120445.0 | ||
| 008 | 180409b bul|||||r ||||||| ||bul|| | ||
| 010 | _aKNG00101502000 | ||
| 020 |
_a954-632-049-8 _bиздат.: Юриспрес - (Юриспрес) |
||
| 040 | _aBLK | ||
| 041 |
_aBUL _cBUL |
||
| 080 |
_aОблигационно право. Задължения, договори, споразумения _b347.4 _x(075.8) _z347.4(075.8) |
||
| 100 | 1 |
_aКожухаров, Александър Георгиев _eпърви автор _9366180 |
|
| 700 | 1 |
_aПопов, Петко Ст. _eред. _9292684 |
|
| 139 |
_aКожухаров, Александър Георгиев _bК 74 |
||
| 245 | 1 | 0 |
_aОблигационно право _bОбщо учение за облигационното отношение _cАлександър Георгиев Кожухаров; ред. Петко Ст. Попов. |
| 257 | _aBGR | ||
| 260 |
_аСофия _bЮриспрес _bУнив. изд. Св. Климент Охридски _c2002 _fСофия : Лик |
||
| 300 |
_a726 с. _c21 см |
||
| 380 | _a3 | ||
| 650 | 4 |
_aОблигационно право - учебници за ВУЗ _9248651 |
|
| 653 | _aоблигационно право | ||
| 653 | _aучебници за ВУЗ | ||
| 852 | _aЦб 211604 | ||
| 856 | 4 |
_qpdf _u |
|
| 856 | 4 |
_qpdf _u |
|
| 942 |
_cKNG _n0 _03 |
||
| 944 |
_aCR _c01.01.2002 _kВиолета_Тройчева |
||
| 944 |
_aED _c12.06.2014 _k |
||
| 999 |
_c96602 _d96602 |
||